000 00351nam a2200145Ia 4500
008 150201s2011 xx 000 0 und d
082 _a615
_bP11S
100 _aSHANBHAG, T.V.
245 _aPHARMACOLOGY PRAP MANUAM FOR U.G.
250 _a1ST
260 _bELSEVIER
_aDELHI
_c2011
300 _a1-484
650 _aPHARMACOLOGY
942 _2ddc
_cBK
_0121
999 _c1258
_d1258